1501 1808 1877 1196 1315 1975 1463 1510 1421 1118 1360 1752 1621 1142 1305 1209 1775 1002 1559 1253 1228 1272 1686 1190 1207 1127 1553 1737 1989 1708 1651 1099 1934 1077 1301 1367 1559 1221 1422 1351 1720 1196 1357 1447 1813 1640 1071 1890 1841 1498 1298 1672 1504 1101 1304 1556 1932 1297 1686 1635 1899 1963 1013 1975 1821 1998 1337 1977 1562 1768 1531 1890 1076 1751 1931 1261 1660 1799 1076 1529 1245 1015 1195 1424 1070 1623 1517 1062 1701 1356 1198 1460 1842 1532 1031 1815 1587 1861 1823 BCNSPRNW ULIB Ver.6.0+V

เปลี่ยนเป็นภาษาไทย

Change to English
 แสดงรายละเอียดบรรณานุกรม
  กลับหน้าหลัก

Brief Record : Get Marc (ISO 2709) : E-mail record : QR code < ปิดหน้าต่าง
LEADER : 00000nam 2200000uu 4500
001    13399110013
003     ULIB
008    110420s2549||||th 000 0 tha d
020    9749470427
060 04 WG169^bต675ค 2549
100 0  เตชะพิทย์ แสงสิงแก้ว
245 10 คำให้การของคนถูกผ่าตัดหัวใจบายพาส /^cเตชะพิทย์ แสงสิงแก้ว,บรรณาธิการ, ใจรัตน์ สมบัติพิบูลย์
250    พิมพ์ครั้งที่ 9
260    กรุงเทพฯ :^bคลินิกสุขภาพ,^c2549
300    295 หน้า :^bภาพประกอบ ;^c21 ซม.
440  0 ชุดโรคภัยใกล้ตัว ;^vลำดับที่ 5
650  7 ศัลยกรรมทางเบี่ยงหลอดเลือดโคโรนารีย์
650  7 หลอดเลือดโคโรนารีย์^xศัลยกรรม
650  7 หัวใจ, ศัลยกรรม
700 0  ใจรัตน์ สมบัติพิบูลย์,^eบรรณาธิการ
945    ^p210^l0^i019658
995    ทศพร
999 ^a ใช้งานได้ทุกระบบ
รายการนี้ยังไม่มีแท็ก
คุณยังไม่ได้ล็อกอิน คุณสามารถมีกิจกรรมร่วมกับเว็บไซต์ได้ แต่ต้องล็อกอินก่อน ::
  ล็อกอิน

รายการสื่อสารสนเทศ

ลำดับที่ ประเภท เลขเรียก/บาร์โค้ด สถานที่ สถานะ
- ไม่พบข้อมูล -

รายการใกล้เคียง
    หัวเรื่อง [หัวใจ, ศัลยกรรม]

BibComment


ยังไม่เคยถูกคอมเมนท์

คอมเมนท์ทรัพยากรรายการนี้
  คอมเมนท์: คำให้การของคนถูกผ..


 Copyright 2026. Bcnsprnw @Library